|
|
|
|
| LEADER |
00000nam0a2200000 4500 |
| 001 |
196098 |
| 005 |
20231101224653.0 |
| 010 |
|
|
|b 500 экз.
|
| 035 |
|
|
|a (RuTPU)RU\TPU\book\213934
|
| 035 |
|
|
|a RU\TPU\tpu\1452
|
| 090 |
|
|
|a 196098
|
| 100 |
|
|
|a 20110518d1925 u y0rusy50 ca
|
| 101 |
0 |
|
|a rus
|
| 102 |
|
|
|a RU
|
| 105 |
|
|
|a f z 000|y
|
| 200 |
1 |
|
|a Угли Черемховского каменноугольного бассейна и их испытание в 1924 году
|f Н. И. Карташев (Карташов)
|
| 210 |
|
|
|a Иркутск
|c Издание Черембасстреста
|d 1925
|
| 215 |
|
|
|a 112 с.
|c ил.
|
| 316 |
|
|
|5 63413507: ШкА/2307
|a С автографом автора. На обложке надпись: " В библиотеку Института. Н. Карташов. 23.10.25"
|
| 316 |
|
|
|5 63413507: 179914
|a С автографом автора
|
| 317 |
|
|
|5 63413507: 179914
|a Поступила в НТБ в 1940 г. в составе книжной коллекции академика М. А. Усова
|
| 606 |
|
|
|a Уголь
|x Испытание
|x Методы анализа
|2 stltpush
|3 (RuTPU)RU\TPU\subj\62463
|9 79538
|
| 610 |
1 |
|
|a труды учёных ТПУ
|
| 610 |
1 |
|
|a Черемховский каменноугольный бассейн
|
| 610 |
1 |
|
|a паровозы
|
| 610 |
1 |
|
|a отопление
|
| 610 |
1 |
|
|a дарственная надпись
|
| 610 |
1 |
|
|a качество
|
| 610 |
1 |
|
|a библиотека М. А. Усова
|
| 610 |
1 |
|
|a анализ
|
| 610 |
1 |
|
|a дары автора
|
| 610 |
1 |
|
|a дары библиотеке
|
| 610 |
1 |
|
|a коллекция ТПУ
|
| 675 |
|
|
|a 622.142
|v 3
|
| 700 |
|
1 |
|a Карташев (Карташов)
|b Н. И.
|c специалист в области паровозостроения
|c директор Томского технологического института (1911-1916), профессор
|f 1867-1943
|g Николай Иванович
|2 stltpush
|3 (RuTPU)RU\TPU\pers\20245
|
| 801 |
|
0 |
|a RU
|b 63413507
|c 20011210
|g PSBO
|
| 801 |
|
2 |
|a RU
|b 63413507
|c 20221114
|g PSBO
|
| 942 |
|
|
|c BK
|